Normal view
MARC view
- Kumar,Arvind
Entry Personal Name
001 - CONTROL NUMBER
- control field: 5839
003 - CONTROL NUMBER IDENTIFIER
- control field: NUST
005 - DATE AND TIME OF LATEST TRANSACTION
- control field: 20171102111206.0
008 - FIXED-LENGTH DATA ELEMENTS
- fixed length control field: 171102|| aca||aabn | a|a d
040 ## - CATALOGING SOURCE
- Original cataloging agency: NUST
- Transcribing agency: NUST
100 ## - HEADING--PERSONAL NAME
- Personal name: Kumar,Arvind
670 ## - SOURCE DATA FOUND
- Source citation: Work cat.: (NUST): Kumar,Arvind, Biomonitoring Of Sewage pollution, 2002
